| 000 | 00872nam a2200253 a 4500 | ||
|---|---|---|---|
| 001 | BRCA_7551 | ||
| 005 | 20190320205902.0 | ||
| 008 | 010613s1956----u--a######---#000-0#eng-# | ||
| 041 | _aeng | ||
| 044 | _au | ||
| 050 | 4 |
_aNK4380 _b.M45 1956 |
|
| 245 | 1 | 0 |
_aMeissen and other continental porcelain faience and enamel _bin the Irwin Untermyer collection _ctext by Yvonne Hackenbroch. |
| 260 |
_aCambridge, Massachusetts _bMetropolitan Museum of Art : Harvard University _c1956 |
||
| 300 |
_axxix, 264 p. _bil. (algunas a color), 158 láminas _c31 cm. |
||
| 500 | _aS31 | ||
| 504 | _aBibliografĂa p. 255-262 | ||
| 650 | 1 | 4 |
_aMeissen, porcelana de _918624 |
| 650 | 1 | 4 |
_aPorcelana europea _91611 |
| 650 | 1 | 4 |
_aPorcelana _xColecciones particulares _918625 |
| 650 | 1 | 4 |
_aEsmalte y esmaltado _914784 |
| 700 | 1 |
_aHackenbroch, Yvonne _913599 |
|
| 902 | _aGFM | ||
| 942 |
_2lcc _cB |
||
| 999 |
_c7225 _d7225 |
||